| Tag |
First Indicator |
Second Indicator |
Subfields |
| LEADER |
00000cam a22000004a 4500 |
| 001 |
in00001576879 |
| 005 |
20151022105352.0 |
| 008 |
000308s2001 caua b 001 0 eng |
| 010 |
|
|
|a 00029332
|
| 020 |
|
|
|a 0737705094 (pbk. : alk. paper)
|
| 020 |
|
|
|a 0737705108 (lib. bdg. : alk. paper)
|
| 035 |
|
|
|a (OCoLC)ocm43631971
|
| 040 |
|
|
|a DLC
|c DLC
|d VFY
|d IMC
|d C#P
|d TXA
|d UtOrBLW
|
| 042 |
|
|
|a pcc
|
| 043 |
|
|
|a n-us---
|
| 049 |
|
|
|a TXAM
|
| 050 |
0 |
0 |
|a HV6439.U5
|b G364 2001
|
| 082 |
0 |
0 |
|a 364.1/06/60973
|2 21
|
| 245 |
0 |
0 |
|a Gangs :
|b opposing viewpoints /
|c Laura K. Egendorf, book editor.
|
| 264 |
|
1 |
|a San Diego, Calif. :
|b Greenhaven Press,
|c [2001]
|
| 264 |
|
4 |
|c ©2001
|
| 300 |
|
|
|a 170 pages :
|b illustrations ;
|c 22 cm.
|
| 336 |
|
|
|a text
|b txt
|2 rdacontent
|
| 337 |
|
|
|a unmediated
|b n
|2 rdamedia
|
| 338 |
|
|
|a volume
|b nc
|2 rdacarrier
|
| 490 |
1 |
|
|a Opposing viewpoints series
|
| 504 |
|
|
|a Includes bibliographical references and index.
|
| 505 |
0 |
|
|a What factors influence gang behavior? -- How widespread is the problem of gangs? -- Can the criminal justice system reduce gang violence? -- How can society end the threat of gangs?
|
| 650 |
|
0 |
|a Gangs
|z United States.
|
| 650 |
|
0 |
|a Violent crimes
|z United States.
|
| 650 |
|
0 |
|a Criminal justice, Administration of
|z United States.
|
| 700 |
1 |
|
|a Egendorf, Laura K.,
|d 1973-
|
| 830 |
|
0 |
|a Opposing viewpoints series (Unnumbered)
|
| 948 |
|
|
|a cataloged
|b h
|c 2000/12/20
|d c
|e jgreene
|f 9:56:06 am
|
| 994 |
|
|
|a E0
|b TXA
|
| 999 |
|
|
|a MARS
|
| 999 |
f |
f |
|s a1a71b98-0e2a-33e1-ac8b-b0ec885985f1
|i 5d8ada8d-c126-3de7-9c68-99b945939ee3
|t 0
|
| 952 |
f |
f |
|p ric
|a Texas A&M University
|b Rellis Campus
|c Joint Library Facility
|d Remote Storage
|t 0
|e HV6439.U5 G364 2001
|h Library of Congress classification
|i unmediated -- volume
|m A14828267843
|
| 998 |
f |
f |
|a HV6439.U5 G364 2001
|t 0
|l Remote Storage
|